Law of rent control in Delhi / (Record no. 134595)

MARC details
000 -LEADER
fixed length control field 00797nam a22002537a 4500
005 - DATE AND TIME OF LATEST TRANSACTION
control field 20170124110230.0
010 ## - LIBRARY OF CONGRESS CONTROL NUMBER
LC control number A-167931
020 ## - INTERNATIONAL STANDARD BOOK NUMBER
Terms of availability 00.00
International Standard Book Number 817534380
035 ## - SYSTEM CONTROL NUMBER
System control number A-167931
037 ## - SOURCE OF ACQUISITION
Source of stock number/acquisition Cen Lib/Ret
040 ## - CATALOGING SOURCE
Original cataloging agency DPL
Language of cataloging EN
082 ## - DEWEY DECIMAL CLASSIFICATION NUMBER
Classification number 346.04344
Item number DIA
100 ## - MAIN ENTRY--PERSONAL NAME
Personal name Dial, Rameshwar
9 (RLIN) 15225
245 ## - TITLE STATEMENT
Title Law of rent control in Delhi /
Statement of responsibility, etc by Rameshwar Dial [and] Adarsh B. Dial
250 ## - EDITION STATEMENT
Edition statement 2nd ed
260 ## - PUBLICATION, DISTRIBUTION, ETC. (IMPRINT)
Place of publication, distribution, etc Delhi
Name of publisher, distributor, etc Universal Law Publishing
Date of publication, distribution, etc 1992
270 ## - ADDRESS
Address C-FF-1A, Ansal,s Dilkhush Industrial Estate G.T. Karnal Road
City Delhi
Postal code 110033
300 ## - PHYSICAL DESCRIPTION
Extent cxxxii,916p.
Dimensions 24cm(Hb)
500 ## - GENERAL NOTE
General note Includes index
650 ## - SUBJECT ADDED ENTRY--TOPICAL TERM
Topical term or geographic name as entry element Rent control
9 (RLIN) 143070
650 ## - SUBJECT ADDED ENTRY--TOPICAL TERM
Topical term or geographic name as entry element Delhi (India)
9 (RLIN) 8261
700 ## - ADDED ENTRY--PERSONAL NAME
Personal name Dial, Adarsh B.
9 (RLIN) 3012
942 ## - ADDED ENTRY ELEMENTS (KOHA)
Source of classification or shelving scheme Dewey Decimal Classification
Koha item type English Books
Classification part 346.04344
Call number suffix DIA
Holdings
Withdrawn status Lost status Damaged status Not for loan Collection code Home library Current library Date acquired Source of acquisition Cost, normal purchase price Total Checkouts Full call number Barcode Date last seen Copy number Cost, replacement price Price effective from Koha item type
      Not For Loan Reference Central Library Central Library 30/07/2015 Cen Lib/Ret 0.00   346.04344 DIA A-167931 30/07/2015 1 0.00 30/07/2015 English Books

© Delhi Public Library
Hit Counter
free hit counter